[Event "American op"]
[Site "Los Angeles USA"]
[Date "2007.11.24"]
[Round "6"]
[White "Kretchetov, Alexandre"]
[Black "Hansen, Eric"]
[Result "1-0"]
[WhiteElo "2320"]
[BlackElo "2132"]
[PlyCount "81"]
[GameId "2129405099745160"]
[EventDate "2007.11.22"]
[EventType "swiss"]
[EventRounds "7"]
[EventCountry "USA"]
[SourceTitle "The Week in Chess 682"]
[Source "Mark Crowther"]
[SourceDate "2007.12.03"]
[SourceVersion "1"]
[SourceVersionDate "2007.12.03"]
[SourceQuality "2"]

1. Nf3 Nf6 2. c4 g6 3. Nc3 Bg7 4. e4 d6 5. d4 O-O 6. Be2 e5 7. d5 a5 8. Bg5 h6 9. Bh4 Qe8 10. Nd2 Nh7 11. O-O h5 12. f3 Bh6 13. Bf2 Na6 14. b3 Bd7 15. a3 f5 16. Rb1 Qe7 17. Qc2 fxe4 18. Ndxe4 Ng5 19. Nxg5 Qxg5 20. Ne4 Bf5 21. Bd3 Qe7 22. b4 axb4 23. axb4 c6 24. c5 cxd5 25. Nxd6 Qe6 26. b5 Bxd3 27. Qxd3 e4 28. fxe4 Rxf2 29. Kxf2 Nxc5 30. Qxd5 Qxd5 31. exd5 Rd8 32. Nc4 Ne4+ 33. Kg1 Rc8 34. Rb4 Bf8 35. d6 Rd8 36. Rb3 Rc8 37. Rbf3 Bg7 38. d7 Rd8 39. Rd3 Bf8 40. g3 Bc5+ 41. Kg2 1-0

[Event "Foxwoods op"]
[Site "Foxwoods USA"]
[Date "2007.04.08"]
[Round "8"]
[White "Mirabile, Tim"]
[Black "Hansen, Eric"]
[Result "1-0"]
[WhiteElo "2185"]
[BlackElo "2100"]
[PlyCount "91"]
[GameId "2129405105813867"]
[EventDate "2007.04.04"]
[EventType "swiss"]
[EventRounds "9"]
[EventCountry "USA"]
[SourceTitle "The Week in Chess 649"]
[Source "Mark Crowther"]
[SourceDate "2007.04.16"]
[SourceVersion "1"]
[SourceVersionDate "2007.04.16"]
[SourceQuality "2"]

1. e4 e6 2. d4 d5 3. Nd2 Nf6 4. e5 Nfd7 5. Bd3 c5 6. c3 Nc6 7. Ne2 cxd4 8. cxd4 f6 9. exf6 Nxf6 10. O-O Bd6 11. Nf3 O-O 12. Bg5 Qc7 13. Rc1 g6 14. Bb5 Nh5 15. Ng3 Nf4 16. Re1 Qb6 17. Bxc6 bxc6 18. Bxf4 Bxf4 19. Rc2 Bd7 20. Ne5 Bxe5 21. Rxe5 Rf7 22. Qd2 Raf8 23. f3 a5 24. h3 Kg7 25. Qe3 Qb4 26. Kh2 Qe7 27. Ne2 Qh4 28. g3 Qd8 29. f4 h5 30. h4 Rf5 31. Ng1 Qf6 32. Nf3 Rb8 33. Kg2 Rb4 34. a3 Rb5 35. b3 Qf8 36. a4 Rb4 37. Rc3 Qf6 38. Kf2 Rxe5 39. Qxe5 Qxe5 40. Nxe5 Be8 41. Ke3 c5 42. Nf3 c4 43. bxc4 dxc4 44. Nd2 Rxa4 45. Nxc4 Bc6 46. Nb6 1-0

[Event "Titled Tuesday 2024.12.17 Early"]
[Site "chess.com INT"]
[Date "2024.12.17"]
[Round "1"]
[White "Lerch, Johannes"]
[Black "Hansen, Eric"]
[Result "0-1"]
[WhiteElo "2230"]
[BlackElo "2609"]
[PlyCount "78"]
[GameId "2129405226595038"]
[EventDate "2024.12.17"]
[EventType "swiss (blitz)"]
[EventRounds "11"]
[EventCountry "NET"]
[SourceTitle "The Week in Chess 1572"]
[Source "Mark Crowther"]
[SourceDate "2024.12.23"]
[SourceVersion "2"]
[SourceVersionDate "2024.12.24"]
[SourceQuality "2"]

1. e4 c5 2. Nf3 e6 3. b3 d6 4. Bb2 e5 5. c3 Nf6 6. Bd3 Be7 7. O-O O-O 8. Bc2 Re8 9. h3 Bf8 10. Re1 Nc6 11. d4 exd4 12. cxd4 Nb4 13. a3 Nxc2 14. Qxc2 d5 15. Nbd2 Nxe4 16. Nxe4 Bf5 17. dxc5 Bxe4 18. Qc3 Rc8 19. b4 b6 20. Nd2 bxc5 21. Nxe4 dxe4 22. b5 Qd3 23. Re3 Qxb5 24. Rg3 f6 25. Qxf6 Rc7 26. Rd1 Rf7 27. Qc3 Qe2 28. Rf1 h6 29. Re3 Qh5 30. Qc4 Qf5 31. a4 Kh7 32. f3 Bd6 33. Rxe4 Rxe4 34. fxe4 Qxf1+ 35. Qxf1 Bh2+ 36. Kxh2 Rxf1 37. Be5 Re1 38. Bd6 c4 39. Bb4 Rxe4 0-1

[Event "Titled Tuesday 2024.12.17 Early"]
[Site "chess.com INT"]
[Date "2024.12.17"]
[Round "2"]
[White "Hansen, Eric"]
[Black "Bressac, S."]
[Result "1-0"]
[WhiteElo "2609"]
[BlackElo "2253"]
[PlyCount "47"]
[GameId "2129405226595335"]
[EventDate "2024.12.17"]
[EventType "swiss (blitz)"]
[EventRounds "11"]
[EventCountry "NET"]
[SourceTitle "The Week in Chess 1572"]
[Source "Mark Crowther"]
[SourceDate "2024.12.23"]
[SourceVersion "2"]
[SourceVersionDate "2024.12.24"]
[SourceQuality "2"]

1. e4 e6 2. d4 d5 3. Nc3 Nf6 4. e5 Nfd7 5. f4 c5 6. Nf3 Nc6 7. Be3 a6 8. dxc5 Bxc5 9. Qd2 b5 10. O-O-O Qa5 11. Bxc5 Nxc5 12. Kb1 b4 13. Ne2 Ne4 14. Qe3 Bb7 15. f5 Qc5 16. Ned4 Nxd4 17. Nxd4 O-O 18. f6 gxf6 19. exf6 Kh8 20. Bd3 e5 21. Bxe4 dxe4 22. Qh6 Rg8 23. Ne6 fxe6 24. Rd7 1-0

[Event "Titled Tuesday 2024.12.17 Early"]
[Site "chess.com INT"]
[Date "2024.12.17"]
[Round "3"]
[White "Zhakshylykov, Erzhan"]
[Black "Hansen, Eric"]
[Result "0-1"]
[WhiteElo "2314"]
[BlackElo "2609"]
[PlyCount "66"]
[GameId "2129405226595788"]
[EventDate "2024.12.17"]
[EventType "swiss (blitz)"]
[EventRounds "11"]
[EventCountry "NET"]
[SourceTitle "The Week in Chess 1572"]
[Source "Mark Crowther"]
[SourceDate "2024.12.23"]
[SourceVersion "2"]
[SourceVersionDate "2024.12.24"]
[SourceQuality "2"]

1. e4 c5 2. Nf3 e6 3. c4 Nc6 4. Nc3 Qc7 5. Be2 a6 6. O-O Nf6 7. d3 Be7 8. h3 O-O 9. Be3 Rb8 10. a4 d6 11. Nd2 Nd4 12. f4 Bd7 13. Nf3 Nxe2+ 14. Qxe2 Bc6 15. Rfc1 Rfe8 16. Rab1 Qa5 17. Bd2 Qd8 18. Be3 d5 19. cxd5 exd5 20. Bf2 d4 21. Na2 Bxa4 22. b4 b6 23. bxc5 bxc5 24. Ne5 Rxb1 25. Rxb1 Nd7 26. Nc4 Bf8 27. Nc1 Bb5 28. Na3 Qa5 29. Qb2 Rb8 30. Nb3 Qc7 31. Qc2 Qxf4 32. Nd2 Ne5 33. g3 Qxd2 0-1

[Event "Titled Tuesday 2024.12.17 Early"]
[Site "chess.com INT"]
[Date "2024.12.17"]
[Round "4"]
[White "Hansen, Eric"]
[Black "Golubev, M."]
[Result "1-0"]
[WhiteElo "2609"]
[BlackElo "2461"]
[PlyCount "85"]
[GameId "2129405226596092"]
[EventDate "2024.12.17"]
[EventType "swiss (blitz)"]
[EventRounds "11"]
[EventCountry "NET"]
[SourceTitle "The Week in Chess 1572"]
[Source "Mark Crowther"]
[SourceDate "2024.12.23"]
[SourceVersion "2"]
[SourceVersionDate "2024.12.24"]
[SourceQuality "2"]

1. e4 c5 2. Nf3 Nc6 3. Bb5 d6 4. O-O Bd7 5. Re1 Nf6 6. c3 a6 7. Bf1 Bg4 8. h3 Bxf3 9. Qxf3 g6 10. d3 Bg7 11. Qd1 O-O 12. Nd2 b5 13. a3 Rb8 14. Nf3 a5 15. d4 e5 16. dxc5 dxc5 17. Qxd8 Rfxd8 18. a4 bxa4 19. Rxa4 Nd7 20. Ra2 h6 21. Be3 Bf8 22. Nd2 Nf6 23. f3 Nh5 24. Nc4 Nf4 25. g3 Nd3 26. Rd1 Ndb4 27. Rxd8 Rxd8 28. cxb4 axb4 29. Ra6 Nd4 30. Nxe5 Bg7 31. Nc6 Nxc6 32. Rxc6 Bxb2 33. Rxc5 Bc3 34. Rb5 Rd1 35. Kf2 Rb1 36. Bc4 Rb2+ 37. Kf1 Rb1+ 38. Ke2 Re1+ 39. Kd3 Rd1+ 40. Ke2 Re1+ 41. Kf2 Rb1 42. f4 Rb2+ 43. Kf3 1-0

[Event "Titled Tuesday 2024.12.17 Early"]
[Site "chess.com INT"]
[Date "2024.12.17"]
[Round "5"]
[White "Bok, B."]
[Black "Hansen, Eric"]
[Result "1-0"]
[WhiteElo "2593"]
[BlackElo "2609"]
[PlyCount "109"]
[GameId "2129405226596537"]
[EventDate "2024.12.17"]
[EventType "swiss (blitz)"]
[EventRounds "11"]
[EventCountry "NET"]
[SourceTitle "The Week in Chess 1572"]
[Source "Mark Crowther"]
[SourceDate "2024.12.23"]
[SourceVersion "2"]
[SourceVersionDate "2024.12.24"]
[SourceQuality "2"]

1. d4 Nf6 2. c4 e6 3. Nc3 Bb4 4. Qc2 O-O 5. a3 Bxc3+ 6. Qxc3 d6 7. Nf3 b6 8. e3 Bb7 9. Be2 Nbd7 10. O-O a5 11. b3 Qe7 12. Bb2 e5 13. dxe5 Ne4 14. Qd4 dxe5 15. Nxe5 Ndc5 16. Nc6 Qg5 17. h4 Qf6 18. Qxf6 Nxf6 19. Nd4 Rfe8 20. Rad1 Nfe4 21. Rfe1 f6 22. Bg4 Nd6 23. Ba1 Be4 24. f3 Bb7 25. e4 a4 26. b4 Nb3 27. Ne6 Re7 28. c5 Nb5 29. cxb6 cxb6 30. e5 Nxa1 31. exf6 gxf6 32. Rxa1 Rae8 33. Kf2 Bc8 34. Bh5 Bxe6 35. Bxe8 Rxe8 36. Rec1 Kf7 37. Rc6 Bb3 38. Rxb6 Nd4 39. Ra6 Rc8 40. Ra7+ Kg6 41. Re1 Rc2+ 42. Kg3 Nf5+ 43. Kh3 Nd4 44. Ree7 h5 45. g4 hxg4+ 46. fxg4 Rc3+ 47. Kg2 Bd5+ 48. Kf2 Rf3+ 49. Ke1 f5 50. Ra6+ Bc6 51. Rd7 fxg4 52. Rxd4 Re3+ 53. Kf2 Re6 54. Rc4 Kf5 55. Rcxc6 1-0

[Event "Titled Tuesday 2024.12.17 Early"]
[Site "chess.com INT"]
[Date "2024.12.17"]
[Round "6"]
[White "Badacsonyi, Stanley"]
[Black "Hansen, Eric"]
[Result "0-1"]
[WhiteElo "2266"]
[BlackElo "2609"]
[PlyCount "88"]
[GameId "2129405226662301"]
[EventDate "2024.12.17"]
[EventType "swiss (blitz)"]
[EventRounds "11"]
[EventCountry "NET"]
[SourceTitle "The Week in Chess 1572"]
[Source "Mark Crowther"]
[SourceDate "2024.12.23"]
[SourceVersion "2"]
[SourceVersionDate "2024.12.24"]
[SourceQuality "2"]

1. d4 Nf6 2. Nc3 d5 3. Bf4 a6 4. e3 c5 5. dxc5 Nc6 6. a3 e5 7. Bg5 Be6 8. b4 Be7 9. Nf3 h6 10. Bh4 O-O 11. Rb1 d4 12. exd4 e4 13. Ne5 Nxd4 14. Bc4 Qc7 15. Bg3 Nf5 16. Bxe6 Nxg3 17. Nxf7 Nxh1 18. Nxh6+ Kh7 19. Nf5 Qxh2 20. Nxe7 Nxf2 21. Bf5+ g6 22. Qd6 Qg1+ 23. Ke2 Qxg2 24. Bxg6+ Kg7 25. Nf5+ Kh8 26. Qg3 Qxg3 27. Nxg3 Rg8 28. Kxf2 Rxg6 29. Rh1+ Kg8 30. Nf5 Re8 31. Ne2 Ng4+ 32. Ke1 Ne5 33. Nd6 Nf3+ 34. Kf2 Re7 35. Nf4 Rg5 36. Ke3 Ne5 37. Nxe4 Ng4+ 38. Kf3 Rxe4 39. Rh4 Re3+ 40. Kg2 Rxa3 41. Ne6 Ne3+ 42. Kf2 Rf5+ 43. Ke2 Re5 44. Nf4 Nf5+ 0-1

[Event "Titled Tuesday 2024.12.17 Early"]
[Site "chess.com INT"]
[Date "2024.12.17"]
[Round "7"]
[White "Hansen, Eric"]
[Black "Hungaski, R."]
[Result "1/2-1/2"]
[WhiteElo "2609"]
[BlackElo "2477"]
[PlyCount "64"]
[GameId "2129405226670678"]
[EventDate "2024.12.17"]
[EventType "swiss (blitz)"]
[EventRounds "11"]
[EventCountry "NET"]
[SourceTitle "The Week in Chess 1572"]
[Source "Mark Crowther"]
[SourceDate "2024.12.23"]
[SourceVersion "2"]
[SourceVersionDate "2024.12.24"]
[SourceQuality "2"]

1. e4 e6 2. d4 d5 3. Nc3 Bb4 4. e5 c5 5. a3 Bxc3+ 6. bxc3 Nc6 7. Nf3 Qa5 8. Bd2 c4 9. a4 Bd7 10. Be2 O-O-O 11. O-O h6 12. g3 Kb8 13. Nh4 Nge7 14. f4 f5 15. exf6 gxf6 16. Bh5 Ka8 17. Qe2 Rh7 18. Rfe1 Bc8 19. Qf2 Rg8 20. Re3 Qd8 21. Rae1 Qd6 22. f5 e5 23. dxe5 Nxe5 24. Rxe5 fxe5 25. f6 Nc6 26. Bg6 Rxg6 27. Nxg6 Rf7 28. Rf1 Bh3 29. Nh8 Rf8 30. Ng6 Rf7 31. Nh8 Rf8 32. Ng6 Rf7 1/2-1/2

[Event "Titled Tuesday 2024.12.17 Early"]
[Site "chess.com INT"]
[Date "2024.12.17"]
[Round "8"]
[White "Hansen, Eric"]
[Black "Goncharov, Vladimir"]
[Result "1/2-1/2"]
[WhiteElo "2609"]
[BlackElo "2077"]
[PlyCount "284"]
[GameId "2129405226679326"]
[EventDate "2024.12.17"]
[EventType "swiss (blitz)"]
[EventRounds "11"]
[EventCountry "NET"]
[SourceTitle "The Week in Chess 1572"]
[Source "Mark Crowther"]
[SourceDate "2024.12.23"]
[SourceVersion "2"]
[SourceVersionDate "2024.12.24"]
[SourceQuality "2"]

1. e4 e6 2. d4 d5 3. Nc3 Nf6 4. Bg5 Be7 5. e5 Nfd7 6. h4 a6 7. Qg4 Kf8 8. Nf3 h6 9. Bxe7+ Qxe7 10. O-O-O b5 11. Qf4 c5 12. g4 Nc6 13. Ne2 g6 14. Rh3 c4 15. g5 h5 16. Qe3 Kg7 17. Ne1 b4 18. Rf3 Nb6 19. Rf6 Bd7 20. Nf4 Be8 21. Bh3 Nd8 22. Neg2 a5 23. Nxh5+ Rxh5 24. Bg4 Rh7 25. h5 gxh5 26. Bxh5 Rxh5 27. Nf4 Rh7 28. Rg1 Nd7 29. g6 fxg6 30. Nxg6 Qxf6 31. exf6+ Nxf6 32. Qg3 Kf7 33. Qc7+ Bd7 34. Ne5+ Ke7 35. Qc5+ Ke8 36. f3 Rc8 37. Qxa5 b3 38. axb3 cxb3 39. c3 Nc6 40. Nxc6 Rxc6 41. Qa8+ Ke7 42. Qb7 Rf7 43. Qb4+ Ke8 44. Qxb3 Rc8 45. Qb4 Bc6 46. Qd6 Bd7 47. Rg6 Rc6 48. Qe5 Ke7 49. Qg5 Rc8 50. Qg3 Rcf8 51. Qc7 Ne8 52. Qc5+ Nd6 53. Kb1 Rxf3 54. Rg1 R3f7 55. Qb4 Rf1+ 56. Rxf1 Rxf1+ 57. Ka2 Rf8 58. Kb1 Ra8 59. Qb6 Rc8 60. Qb4 Rc6 61. Qb3 Rc7 62. Qa3 Rb7 63. Qa6 Bb5 64. Qa3 Kd7 65. b3 Bc6 66. Kc2 Nb5 67. Qa5 Nd6 68. Qa3 Rc7 69. Kd2 Ne4+ 70. Kd3 Bb7 71. c4 dxc4+ 72. bxc4 Nd6 73. c5 Nf5 74. Qa4+ Bc6 75. Qa1 Ne7 76. Qg1 Rb7 77. Qg7 Rb3+ 78. Kc2 Rb4 79. Kc3 Ra4 80. Kb3 Ra7 81. Kc3 Rb7 82. Kc2 Bd5 83. Kd2 Kc6 84. Qg3 Nf5 85. Qg8 Rb2+ 86. Kc3 Rb3+ 87. Kd2 Nxd4 88. Qc8+ Kb5 89. Qc7 Rb2+ 90. Kc3 Rc2+ 91. Kxd4 Rc4+ 92. Ke5 Rxc5 93. Qb8+ Kc4 94. Qb2 Rb5 95. Qc2+ Kb4 96. Kd4 Ka5 97. Qd2+ Kb6 98. Qe3 Kc6 99. Qc3+ Kd7 100. Qa3 Rb7 101. Ke5 Rc7 102. Qd6+ Kc8 103. Qb6 Kd7 104. Qd6+ Kc8 105. Qf8+ Kd7 106. Qb4 Rc6 107. Kf6 Rc7 108. Qb5+ Kd6 109. Qb6+ Kd7 110. Ke5 Rc6 111. Qa5 Rc7 112. Qa4+ Rc6 113. Qg4 Rc7 114. Kf6 Rc6 115. Kf7 Rc7 116. Qg3 Rc6 117. Kf6 Rc7 118. Ke5 Rc6 119. Qg7+ Kd8 120. Qf7 Kc8 121. Kd4 Kd8 122. Qf8+ Kd7 123. Qa3 Rc7 124. Ke5 Rc6 125. Qa4 Ke7 126. Qa7+ Kd8 127. Kf6 Rc7 128. Qb6 Kd7 129. Kf7 Rc6 130. Qb5 Kd6 131. Ke8 Rc8+ 132. Kf7 Rc7+ 133. Kf6 Rc6 134. Qb8+ Kd7 135. Qf8 Rc7 136. Qe7+ Kc6 137. Qe8+ Kd6 138. Qb8 Kd7 139. Kf7 Kd6+ 140. Kf6 Kd7 141. Qb4 Rc6 142. Kf7 Rc7 1/2-1/2

[Event "Titled Tuesday 2024.12.17 Early"]
[Site "chess.com INT"]
[Date "2024.12.17"]
[Round "9"]
[White "Cordoba Roa, Angel Gabriel"]
[Black "Hansen, Eric"]
[Result "1-0"]
[WhiteElo "2358"]
[BlackElo "2609"]
[PlyCount "83"]
[GameId "2129405226687612"]
[EventDate "2024.12.17"]
[EventType "swiss (blitz)"]
[EventRounds "11"]
[EventCountry "NET"]
[SourceTitle "The Week in Chess 1572"]
[Source "Mark Crowther"]
[SourceDate "2024.12.23"]
[SourceVersion "2"]
[SourceVersionDate "2024.12.24"]
[SourceQuality "2"]

1. e4 c5 2. Nf3 e6 3. d4 cxd4 4. Nxd4 a6 5. Bd3 Qc7 6. O-O Nf6 7. Qe2 d6 8. f4 Nbd7 9. c4 g6 10. Nc3 Bg7 11. Be3 O-O 12. Rac1 b6 13. b4 Bb7 14. a3 Rac8 15. Kh1 Qb8 16. Nf3 Ng4 17. Bg1 b5 18. h3 Ngf6 19. cxb5 Nh5 20. Qd2 Ng3+ 21. Kh2 Nxf1+ 22. Bxf1 Nf6 23. bxa6 Rxc3 24. Qxc3 Ng4+ 25. hxg4 Bxc3 26. axb7 Bb2 27. Rc2 Qxb7 28. Rxb2 Qxe4 29. Bf2 Qxf4+ 30. Bg3 Qe3 31. Bxd6 Qxa3 32. Bxf8 Qxb2 33. Bd6 h6 34. b5 f6 35. Bc7 Kf7 36. b6 Ke7 37. Nd4 Kd7 38. Bb5+ Kc8 39. Nc6 Qa3 40. Na7+ Kb7 41. Bc6+ Ka6 42. b7 1-0

[Event "Titled Tuesday 2024.12.17 Early"]
[Site "chess.com INT"]
[Date "2024.12.17"]
[Round "10"]
[White "Hansen, Eric"]
[Black "Haddouche, M."]
[Result "1/2-1/2"]
[WhiteElo "2609"]
[BlackElo "2490"]
[PlyCount "109"]
[GameId "2129405226696112"]
[EventDate "2024.12.17"]
[EventType "swiss (blitz)"]
[EventRounds "11"]
[EventCountry "NET"]
[SourceTitle "The Week in Chess 1572"]
[Source "Mark Crowther"]
[SourceDate "2024.12.23"]
[SourceVersion "2"]
[SourceVersionDate "2024.12.24"]
[SourceQuality "2"]

1. e4 e5 2. Nf3 Nc6 3. Bb5 a6 4. Ba4 d6 5. c3 Bd7 6. d4 Nf6 7. O-O g6 8. Re1 Bg7 9. h3 O-O 10. Bc2 Nh5 11. Bg5 Qe8 12. dxe5 dxe5 13. b4 Nf4 14. Nbd2 h6 15. Bh4 g5 16. Bg3 Rd8 17. Qb1 Ne7 18. Nc4 Neg6 19. Ne3 Be6 20. Bb3 Qc6 21. Qc2 Rd3 22. Rac1 Rfd8 23. Bxf4 Nxf4 24. Nd5 Kh8 25. Nxf4 exf4 26. Bd5 R8xd5 27. exd5 Qxd5 28. c4 Qd8 29. Rcd1 Rxd1 30. Rxd1 Qf6 31. b5 Bf5 32. Qe2 Kh7 33. Nd4 Bg6 34. Nf3 Qc3 35. Rd7 axb5 36. cxb5 b6 37. Kh2 Bf6 38. Qd2 Qa1 39. Rxc7 Kg7 40. Qd6 h5 41. Rc8 g4 42. hxg4 hxg4 43. Qxf4 gxf3 44. Qxf3 Qe5+ 45. g3 Qxb5 46. Rb8 Qb2 47. Rb7 Bd4 48. Kg2 Qc2 49. Qf4 Be4+ 50. Kh3 Bxb7 51. Qxd4+ Kf8 52. Qd8+ Kg7 53. Qd4+ Kf8 54. Qd8+ Kg7 55. Qd4+ 1/2-1/2

[Event "Titled Tuesday 2024.12.17 Early"]
[Site "chess.com INT"]
[Date "2024.12.17"]
[Round "11"]
[White "Vasquez Schroeder, R."]
[Black "Hansen, Eric"]
[Result "1-0"]
[WhiteElo "2446"]
[BlackElo "2609"]
[PlyCount "55"]
[GameId "2129405226696186"]
[EventDate "2024.12.17"]
[EventType "swiss (blitz)"]
[EventRounds "11"]
[EventCountry "NET"]
[SourceTitle "The Week in Chess 1572"]
[Source "Mark Crowther"]
[SourceDate "2024.12.23"]
[SourceVersion "2"]
[SourceVersionDate "2024.12.24"]
[SourceQuality "2"]

1. e4 c5 2. Nf3 e6 3. d4 cxd4 4. Nxd4 a6 5. Bd3 Qc7 6. O-O d6 7. c4 Nf6 8. Nc3 Be7 9. Qe2 O-O 10. f4 Nbd7 11. Nf3 b6 12. e5 dxe5 13. fxe5 Ng4 14. Bf4 Bb7 15. Rae1 Rae8 16. h3 Nh6 17. Qd2 Nf5 18. Bxf5 exf5 19. e6 Qc5+ 20. Be3 Qxc4 21. exd7 Rd8 22. Bxb6 Bc5+ 23. Bxc5 Qxc5+ 24. Kh1 Bc6 25. Ne5 f6 26. Nxc6 Qxc6 27. Re7 Rf7 28. Nd5 1-0

[Event "Titled Tuesday 2024.12.17 Late"]
[Site "chess.com INT"]
[Date "2024.12.17"]
[Round "1"]
[White "Doknjas, Neil"]
[Black "Hansen, Eric"]
[Result "0-1"]
[WhiteElo "2262"]
[BlackElo "2609"]
[PlyCount "60"]
[GameId "2129405226704653"]
[EventDate "2024.12.17"]
[EventType "swiss (blitz)"]
[EventRounds "11"]
[EventCountry "NET"]
[SourceTitle "The Week in Chess 1572"]
[Source "Mark Crowther"]
[SourceDate "2024.12.23"]
[SourceVersion "2"]
[SourceVersionDate "2024.12.24"]
[SourceQuality "2"]

1. e4 c5 2. Nc3 e6 3. Nf3 a6 4. d4 cxd4 5. Nxd4 Qc7 6. Bd3 d6 7. O-O Nf6 8. Qe2 Be7 9. f4 Nbd7 10. Be3 Nc5 11. h3 O-O 12. a4 b6 13. Rac1 Bb7 14. Bd2 Rac8 15. Rfe1 Rfe8 16. b4 Nxd3 17. cxd3 Qd7 18. Nf3 Bf8 19. g4 Qd8 20. Qf2 g6 21. Ne2 Rxc1 22. Rxc1 Nd7 23. f5 Ne5 24. Ne1 exf5 25. gxf5 d5 26. Ng3 dxe4 27. dxe4 Qh4 28. Qf4 Qxh3 29. Bc3 Bh6 30. Qf1 Be3+ 0-1

[Event "Titled Tuesday 2024.12.17 Late"]
[Site "chess.com INT"]
[Date "2024.12.17"]
[Round "2"]
[White "Hansen, Eric"]
[Black "Kepeschuk, M."]
[Result "1-0"]
[WhiteElo "2609"]
[BlackElo "2269"]
[PlyCount "79"]
[GameId "2129405226709099"]
[EventDate "2024.12.17"]
[EventType "swiss (blitz)"]
[EventRounds "11"]
[EventCountry "NET"]
[SourceTitle "The Week in Chess 1572"]
[Source "Mark Crowther"]
[SourceDate "2024.12.23"]
[SourceVersion "2"]
[SourceVersionDate "2024.12.24"]
[SourceQuality "2"]

1. e4 c5 2. Nf3 d6 3. d4 cxd4 4. Nxd4 Nf6 5. Nc3 g6 6. Be2 Nc6 7. O-O Nxd4 8. Qxd4 Bg7 9. Rd1 O-O 10. h3 Be6 11. Qe3 Qa5 12. Bd2 Rfc8 13. Nd5 Qd8 14. c4 Nd7 15. Rab1 a5 16. b3 Bxd5 17. exd5 Bf6 18. Bg4 Rc7 19. Be2 Rcc8 20. Re1 Qb6 21. Qg3 Rc7 22. Rbd1 Qc5 23. Rc1 Qa3 24. Rc2 a4 25. Bc1 Qb4 26. Bd2 Qa3 27. Rb1 axb3 28. axb3 b5 29. h4 bxc4 30. Bxc4 Rac8 31. Bg5 Ne5 32. Bxf6 exf6 33. Qf4 Kg7 34. h5 gxh5 35. Rc3 Ng6 36. Qf5 h4 37. Rf3 Qa2 38. Qxf6+ Kg8 39. Re1 Qd2 40. Rfe3 1-0

[Event "Titled Tuesday 2024.12.17 Late"]
[Site "chess.com INT"]
[Date "2024.12.17"]
[Round "3"]
[White "Pamatmat, J."]
[Black "Hansen, Eric"]
[Result "0-1"]
[WhiteElo "2204"]
[BlackElo "2609"]
[PlyCount "42"]
[GameId "2129405226717369"]
[EventDate "2024.12.17"]
[EventType "swiss (blitz)"]
[EventRounds "11"]
[EventCountry "NET"]
[SourceTitle "The Week in Chess 1572"]
[Source "Mark Crowther"]
[SourceDate "2024.12.23"]
[SourceVersion "2"]
[SourceVersionDate "2024.12.24"]
[SourceQuality "2"]

1. Nf3 Nf6 2. g3 d5 3. Bg2 g6 4. O-O Bg7 5. d4 O-O 6. c4 dxc4 7. Re1 Nc6 8. Nc3 a6 9. e4 Bg4 10. d5 Ne5 11. h3 Bxf3 12. Bxf3 Nd3 13. Re2 Nd7 14. Bg2 c6 15. dxc6 bxc6 16. Qa4 Nb6 17. Qxc6 Rc8 18. Qb7 Nc5 19. Qa7 Ra8 20. Qxa8 Qxa8 21. Be3 Qc8 0-1

[Event "Titled Tuesday 2024.12.17 Late"]
[Site "chess.com INT"]
[Date "2024.12.17"]
[Round "5"]
[White "Hansen, Eric"]
[Black "Ozates, Tuna"]
[Result "0-1"]
[WhiteElo "2609"]
[BlackElo "2225"]
[PlyCount "72"]
[GameId "2129405226726131"]
[EventDate "2024.12.17"]
[EventType "swiss (blitz)"]
[EventRounds "11"]
[EventCountry "NET"]
[SourceTitle "The Week in Chess 1572"]
[Source "Mark Crowther"]
[SourceDate "2024.12.23"]
[SourceVersion "2"]
[SourceVersionDate "2024.12.24"]
[SourceQuality "2"]

1. e4 g6 2. d4 Bg7 3. Nc3 c6 4. h3 d5 5. e5 f6 6. f4 Nh6 7. Nf3 O-O 8. Bd3 Bf5 9. g4 Bxd3 10. Qxd3 fxe5 11. dxe5 e6 12. Be3 Na6 13. O-O-O c5 14. Ng5 Qd7 15. Qb5 Qe7 16. Bd2 Nf7 17. h4 Rfc8 18. Nxf7 Qxf7 19. h5 c4 20. hxg6 hxg6 21. Be3 Qe7 22. Nxd5 exd5 23. Qxd5+ Qf7 24. e6 Qe7 25. f5 Nb4 26. Qd7 Rc7 27. Qxe7 Rxe7 28. Bc5 Nxa2+ 29. Kb1 Rc7 30. Bd6 Nc3+ 31. bxc3 Rc6 32. Be7 Bxc3 33. f6 Rb6+ 34. Kc1 Ra6 35. Rd8+ Rxd8 36. f7+ Kg7 0-1

[Event "Titled Tuesday 2024.12.17 Late"]
[Site "chess.com INT"]
[Date "2024.12.17"]
[Round "6"]
[White "Hansen, Eric"]
[Black "Lorenzo de la Riva, L."]
[Result "1-0"]
[WhiteElo "2609"]
[BlackElo "2415"]
[PlyCount "121"]
[GameId "2129405226726421"]
[EventDate "2024.12.17"]
[EventType "swiss (blitz)"]
[EventRounds "11"]
[EventCountry "NET"]
[SourceTitle "The Week in Chess 1572"]
[Source "Mark Crowther"]
[SourceDate "2024.12.23"]
[SourceVersion "2"]
[SourceVersionDate "2024.12.24"]
[SourceQuality "2"]

1. e4 c5 2. Nf3 e6 3. d4 cxd4 4. Nxd4 Nf6 5. Nc3 Nc6 6. Nxc6 bxc6 7. e5 Nd5 8. Ne4 Bb7 9. c4 Nb4 10. Nd6+ Bxd6 11. exd6 c5 12. a3 Nc6 13. Bd3 Nd4 14. O-O Qh4 15. f3 a5 16. Be3 O-O 17. Re1 a4 18. Bf2 Qf6 19. Bg3 Bc6 20. Be5 Qd8 21. Be4 Bxe4 22. Rxe4 Nc6 23. Bc3 f6 24. Qd3 Qe8 25. f4 Qg6 26. Rae1 Qf5 27. h3 h5 28. Qg3 Kf7 29. R4e3 Rh8 30. Qf3 Rab8 31. Rd1 Rh6 32. Rd2 Rg6 33. Kh2 h4 34. Qf2 Rh6 35. Rdd3 Rg8 36. Rf3 Qe4 37. Qxc5 Qf5 38. Qxf5 exf5 39. Rd5 Ke6 40. Re3+ Kf7 41. Rb5 Rd8 42. Ba5 Ra8 43. Bc3 Rhh8 44. Rxf5 Rhd8 45. Kg1 Rab8 46. Kf2 Rb6 47. Kf3 Ra6 48. Rb5 Ra7 49. Kg4 g6 50. f5 g5 51. Re2 Re8 52. Rxe8 Kxe8 53. Bxf6 Kf7 54. Bxg5 Nd4 55. Re5 Ra6 56. Re7+ Kf8 57. Bh6+ Kg8 58. f6 Rxd6 59. f7+ Kh7 60. f8=Q+ Kg6 61. Qg7# 1-0

[Event "Titled Tuesday 2024.12.17 Late"]
[Site "chess.com INT"]
[Date "2024.12.17"]
[Round "7"]
[White "Gubajdullin, A."]
[Black "Hansen, Eric"]
[Result "0-1"]
[WhiteElo "2238"]
[BlackElo "2609"]
[PlyCount "74"]
[GameId "2129405226726559"]
[EventDate "2024.12.17"]
[EventType "swiss (blitz)"]
[EventRounds "11"]
[EventCountry "NET"]
[SourceTitle "The Week in Chess 1572"]
[Source "Mark Crowther"]
[SourceDate "2024.12.23"]
[SourceVersion "2"]
[SourceVersionDate "2024.12.24"]
[SourceQuality "2"]

1. Nf3 d5 2. g3 Nf6 3. Bg2 g6 4. O-O Bg7 5. d3 O-O 6. Nbd2 Nc6 7. e4 e5 8. c3 a5 9. a4 Re8 10. Re1 h6 11. exd5 Nxd5 12. Nc4 Bf5 13. Qb3 Bxd3 14. Qxb7 e4 15. Nfd2 Re6 16. Qb3 Rb8 17. Qa2 f5 18. Ne3 Nce7 19. Ndc4 c6 20. Rd1 Kh7 21. Bd2 f4 22. Nf1 Bc2 23. Bh3 Rf6 24. Bxf4 Bb3 25. Qb1 Rxf4 26. gxf4 Bxc4 27. Qxe4 Bb3 28. Rd2 Qf8 29. f5 Nxf5 30. Ng3 Re8 31. Qf3 Nh4 32. Qxf8 Rxf8 33. Re2 h5 34. Re6 Nf4 35. Rxc6 Nxh3+ 36. Kf1 Rxf2+ 37. Ke1 Nf3# 0-1